000 00229nam a22000857a 4500
008 160708b xxu||||| |||| 00| 0 eng d
100 _92463
_a Oxford University
245 _aExercises in Spoken English
260 _aDelhi
_b Oxford
_c1978
999 _c2133
_d2133